[Event "RUS-Cup7"]
[Site "Kstovo"]
[Date "1997.05.03"]
[Round "3"]
[White "Kharlov, Andrei"]
[Black "Kharitonov, Andrei"]
[Result "0-1"]
[WhiteElo "2555"]
[BlackElo "2520"]
[Annotator "Ribli"]
[PlyCount "58"]
[EventDate "1997.05.01"]
[EventType "swiss"]
[EventRounds "9"]
[EventCountry "RUS"]
[SourceTitle "CBM 059"]
[Source "ChessBase"]
[SourceDate "1997.08.01"]
[SourceVersion "1"]
[SourceVersionDate "1997.08.01"]
[SourceQuality "1"]

1. Nf3 d5 2. c4 e6 3. b3 {Meiner Meinung nach hat Schwarz in dieser Zugfolge
mit 3...Be7 und nachfolgendem 4...Bf6 eine gute Alternative.Ribli.} Nf6 4. Bb2
Be7 5. g4 $6 {Auf der einen Seite ist dieser Zug logisch - Weiß möchte mit
Unterstützung des Bb2 einen Angriff führen, auf der anderen Seite aber ist die
Schwächung der Position gravierender. Ich schlage daher einen normalen
Entwicklungszug wie 5.g3 vor. Ribli.} (5. g3 $5 O-O (5... a5 $5 6. a3 a4 $1 $13
) 6. Bg2 a5 7. Nc3 (7. a3 $5 b6 8. O-O Bb7 9. d3 Nbd7 10. Nc3 Re8 11. Qc2 $14 {
Gelman,A-Lugovoi,A/Jurmala/1992/EXP28/}) 7... Bd7 8. O-O Nc6 9. e3 (9. Rc1 $5
Re8 10. d4 Bd6 11. Qc2 $14) 9... Re8 10. d4 Bd6 11. Rc1 b6 12. Nb5 Na7 13. Nc3
(13. Nxd6 cxd6 14. cxd5 Nxd5 15. e4 Nf6 16. e5 dxe5 17. Nxe5 Rc8 $13) 13... Nc6
14. Re1 (14. Qc2 $5 Bb4 15. Rfd1 $14) 14... Bb4 15. Re2 Bxc3 16. Bxc3 a4 {
Eingorn,V-Kuijf,M/Tilburg 1994/1/2-1/2 (42)}) (5. e3 O-O 6. Be2 Nbd7 (6... b6
$5) (6... c5 $5) 7. O-O b6 8. d3 (8. cxd5 exd5 {Menvielle,L-Castellano,J/Las
Palmas Pirez/1993/EXP39/}) 8... Bb7 9. Nbd2 Bd6 10. Qc2 c5 11. Rac1 Rc8 12. Qb1
Re8 13. Rfd1 Qe7 {0-1 Anastasian,A-Yuferov,S/St.Petersburg op 1994 (28)}) 5...
O-O 6. g5 {[%cal Rb2f6]} Ne4 {Der schwarze Springer steht sehr stark im
Zentrum. Nach d2-d3 findet er einen guten Stützpunkt auf c5.Ribli.} 7. h4 Nc6
8. Bg2 (8. d3 Nc5 $5 (8... Bb4+ 9. Nbd2 Nxd2 10. Nxd2 d4 11. a3 $13)) 8... a5 {
Schwarz gewinnt Raum am Damenflügel und festigt c5 für seinen Springer.Ribli.}
9. d3 Nc5 10. Na3 (10. Nbd2 d4 {[%csl Rb2] Schwarz spielt 11...e5, und der
weiße Bb2 ist um seine Zukunft gebracht.Ribli.}) 10... d4 {[%csl Rb2]} 11. Nc2
e5 {[%csl Rb2] Schwarz kann mit dem Ergebnis der Eröffnung zufrieden sein. Er
besitzt Raumvorteil, sein Gegner hat einen schlechten Bb2 und der "Angriff"
mit Pg5-Ph4 bedeutet nur Bauernschwächen für den Anziehenden.Ribli.} 12. Nd2
Bf5 13. Nf1 (13. Ne4 Bxe4 14. Bxe4 Nxe4 15. dxe4 f6 $36) 13... f6 $15 {Nach
diesem Zug ist deutlich, daß nur Schwarz Initiative am Königsflügel besitzt.
Ribli.} 14. gxf6 Rxf6 15. Ng3 Be6 {[%csl Rh4][%cal Gf6f2]} 16. Ba3 (16. Ne4
Nxe4 17. Bxe4 Rf4 {[%csl Rh4]} 18. h5 Bh4 {[%csl Rf2]}) 16... Rf7 17. Qd2 $6 (
17. Bxc5 Bxc5 18. Ne4 Be7 19. h5) (17. Ne4 Nxe4 18. Bxe7 (18. Bxe4 Bxh4 $19)
18... Nxf2 19. Bxd8 Nxd1 $17) 17... Nb4 $1 $17 18. h5 (18. Nxb4 axb4 19. Bb2 (
19. Bxb4 Nxb3 $19) (19. Qxb4 Nxd3+ $19) 19... Qf8 {[%csl Rf2]} 20. Rf1 (20. O-O
Bxh4 $17) (20. Bf3 Rxf3 21. exf3 Qxf3 {[%csl Rd3]}) 20... Bxh4 $17) 18... Bg5
19. Qd1 Nba6 20. O-O {Nach 5.g4 findet der weiße König in der ganzen Partie
keine Sicherheit.Ribli.} c6 {Ein guter Zug. Schwarz schränkt die Möglichkeiten
des Bg2 ein und kontrolliert das Feld d5.Ribli.} 21. b4 {Weiß möchte das Spiel
verkomplizieren - normalerweise befndet er sich in einer hoffnungslos
schlechten Stellung.} (21. Bc1 {Meiner Meinung nach bietet dieser Zug Weiß
noch die besten Möglichkeiten. Der Bg5 ist so stark, daß der Anziehende seinen
Abtausch anstreben sollte.Ribli.}) 21... axb4 22. Nxb4 Bf4 {[%csl Gf4]} 23.
Nxa6 Nxa6 24. Bc1 Qh4 {Mit einfachen Zügen verbessert Schwarz seine Stellung.
Seine Initiative am Königsflügel ist kaum bändigen.Ribli.} 25. Bxf4 exf4 26.
Ne4 Qxh5 {Bislang besaß Schwarz nur großen Positionsvorteil - jetzt hat er
auch noch einen Mehrbauern.Ribli.} 27. Rb1 Nc5 {[%csl Ge4] Natürlich, Schwarz
tauscht die einzige gutpostierte weiße Figur ab.Ribli.} 28. Nxc5 Qxc5 29. Qd2
Qg5 {[%cal Rg5g2] Weiß gab in dieser praktisch hoffnungslosen Stellung auf.
Ribli.} (29... Qg5 {Nach} 30. f3 $8 {ist} h5 $1 {sehr stark.}) 0-1

[Event "RUS-Cup7"]
[Site "Kstovo"]
[Date "1997.05.04"]
[Round "4"]
[White "Zaitsev, Igor"]
[Black "Kharlov, Andrei"]
[Result "0-1"]
[WhiteElo "2450"]
[BlackElo "2555"]
[PlyCount "102"]
[EventDate "1997.05.01"]
[EventType "swiss"]
[EventRounds "9"]
[EventCountry "RUS"]
[SourceTitle "CBM 059"]
[Source "ChessBase"]
[SourceDate "1997.08.01"]
[SourceVersion "1"]
[SourceVersionDate "1997.08.01"]
[SourceQuality "1"]

1. e4 c5 2. Nf3 Nc6 3. Bb5 d6 4. O-O Bd7 5. c3 a6 6. Bxc6 Bxc6 7. Re1 e6 8. d4
cxd4 9. cxd4 d5 10. exd5 Bxd5 11. Nc3 Nf6 12. Bg5 Be7 13. Bxf6 Bxf6 14. Nxd5
Qxd5 15. Qa4+ Qd7 16. Qa3 Be7 17. Qb3 O-O 18. Rad1 Rfd8 19. d5 exd5 20. Re5
Rac8 21. g3 Rc5 22. Qe3 Bf8 23. b4 Rc7 24. Qb3 Qb5 25. Rexd5 Rxd5 26. Qxd5 Rc1
27. Kg2 Rxd1 28. Qxd1 Qxb4 29. Qd5 Qe7 30. h4 Qc7 31. Ne5 Qe7 32. f4 g6 33. h5
gxh5 34. Kf3 Bg7 35. Nd3 h4 36. gxh4 Qxh4 37. Qd7 Bf6 38. Kg2 Qh5 39. Kf2 Qh2+
40. Ke3 Qg3+ 41. Ke2 Qg2+ 42. Ke3 Kg7 43. a4 h5 44. a5 h4 45. Nf2 Qg3+ 46. Ke2
Qxf4 47. Qxb7 Qe5+ 48. Kf1 Qxa5 49. Kg2 Qg5+ 50. Kh1 Be7 51. Nh3 Qc1+ 0-1

[Event "RUS-Cup7"]
[Site "Kstovo"]
[Date "1997.05.06"]
[Round "6"]
[White "Tregubov, Pavel"]
[Black "Kharlov, Andrei"]
[Result "1/2-1/2"]
[WhiteElo "2525"]
[BlackElo "2555"]
[PlyCount "53"]
[EventDate "1997.05.01"]
[EventType "swiss"]
[EventRounds "9"]
[EventCountry "RUS"]
[SourceTitle "CBM 059"]
[Source "ChessBase"]
[SourceDate "1997.08.01"]
[SourceVersion "1"]
[SourceVersionDate "1997.08.01"]
[SourceQuality "1"]

1. d4 d5 2. Nf3 e6 3. c4 dxc4 4. e3 Nf6 5. Bxc4 c5 6. Qe2 cxd4 7. exd4 Nc6 8.
O-O Be7 9. Rd1 O-O 10. Nc3 Na5 11. Bd3 b6 12. Bg5 Bb7 13. Rac1 Rc8 14. Ba6 h6
15. Bxb7 Nxb7 16. Bxf6 Bxf6 17. Ne4 Rxc1 18. Rxc1 Nd6 19. Nxf6+ Qxf6 20. Rc7
Qf5 21. h3 Qb1+ 22. Kh2 Qxa2 23. Ne5 Qa4 24. Qg4 Ne8 25. Rxf7 Rxf7 26. Qxe6 Nd6
27. Nxf7 1/2-1/2

[Event "RUS-Cup7"]
[Site "Kstovo"]
[Date "1997.05.08"]
[Round "7"]
[White "Kharlov, Andrei"]
[Black "Yandemirov, Valeri"]
[Result "1/2-1/2"]
[WhiteElo "2555"]
[BlackElo "2500"]
[PlyCount "83"]
[EventDate "1997.05.01"]
[EventType "swiss"]
[EventRounds "9"]
[EventCountry "RUS"]
[SourceTitle "CBM 059"]
[Source "ChessBase"]
[SourceDate "1997.08.01"]
[SourceVersion "1"]
[SourceVersionDate "1997.08.01"]
[SourceQuality "1"]

1. e4 e5 2. Nf3 Nc6 3. Bb5 a6 4. Ba4 d6 5. c3 g6 6. d4 Bd7 7. O-O Bg7 8. dxe5
Nxe5 9. Nxe5 dxe5 10. f4 Bxa4 11. Qxa4+ b5 12. Qb4 Qe7 13. Qxe7+ Nxe7 14. f5 f6
15. a4 Kf7 16. g4 h5 17. g5 gxf5 18. exf5 fxg5 19. Bxg5 Bf6 20. Bxf6 Kxf6 21.
Nd2 Rag8+ 22. Kh1 Rg4 23. axb5 axb5 24. Rae1 Nxf5 25. Ne4+ Kg6 26. Nf2 Rf4 27.
Rxe5 Kf7 28. Re4 Rxe4 29. Nxe4 Ke6 30. Nc5+ Ke5 31. Re1+ Kd5 32. Ne6 Kc6 33.
Re5 Nd6 34. h4 Kb6 35. Nd4 Rf8 36. Kg2 b4 37. Rxh5 bxc3 38. bxc3 Ne4 39. Rb5+
Ka6 40. Rb3 c5 41. Ne6 Rg8+ 42. Kh2 1/2-1/2

[Event "RUS-Cup7"]
[Site "Kstovo"]
[Date "1997.05.09"]
[Round "8"]
[White "Lobzhanidze, Davit"]
[Black "Kharlov, Andrei"]
[Result "0-1"]
[WhiteElo "2375"]
[BlackElo "2555"]
[PlyCount "80"]
[EventDate "1997.05.01"]
[EventType "swiss"]
[EventRounds "9"]
[EventCountry "RUS"]
[SourceTitle "CBM 059"]
[Source "ChessBase"]
[SourceDate "1997.08.01"]
[SourceVersion "1"]
[SourceVersionDate "1997.08.01"]
[SourceQuality "1"]

1. e4 c5 2. Nf3 Nc6 3. d4 cxd4 4. Nxd4 Nf6 5. Nc3 d6 6. Bc4 Qb6 7. Nb3 e6 8.
O-O Be7 9. Be3 Qc7 10. f4 a6 11. Bd3 b5 12. Qf3 Bb7 13. Rae1 Nb4 14. Nd4 g6 15.
a3 Nxd3 16. cxd3 Rc8 17. Rc1 Qd7 18. b4 O-O 19. Qg3 Nh5 20. Qf3 f5 21. g4 Ng7
22. Nde2 Bf6 23. gxf5 exf5 24. Nd5 Bxd5 25. exd5 Rxc1 26. Rxc1 Rc8 27. Qf1 Re8
28. Bd4 Nh5 29. Bxf6 Nxf6 30. Qf3 Qa7+ 31. Kg2 Ng4 32. h3 Re3 33. Qf1 Nf6 34.
Qf2 Nxd5 35. Rc8+ Kg7 36. Re8 Kf7 37. Rh8 Nf6 38. Kf1 d5 39. Nc1 Qe7 40. Ra8 d4
0-1

[Event "RUS-Cup7"]
[Site "Kstovo"]
[Date "1997.05.10"]
[Round "9"]
[White "Kharlov, Andrei"]
[Black "Gleizerov, Evgeny"]
[Result "1-0"]
[WhiteElo "2555"]
[BlackElo "2545"]
[Annotator "Ribli"]
[PlyCount "133"]
[EventDate "1997.05.01"]
[EventType "swiss"]
[EventRounds "9"]
[EventCountry "RUS"]
[SourceTitle "CBM 059"]
[Source "ChessBase"]
[SourceDate "1997.08.01"]
[SourceVersion "1"]
[SourceVersionDate "1997.08.01"]
[SourceQuality "1"]

1. c4 {Hecht} e5 2. Nc3 Nc6 3. Nf3 f5 4. d4 e4 5. Ng5 {Das ist eine ähnliche
Variante, wie die Zugfolge: 1.c4 e5 2.Nc3 d6 3.Nf3 f5 4.d4 e4 5,Ng5. Der
Untershcie ist, daß in unserer Partie der N auf c6 und in der anderen Variante
statt dessen der P auf d6 steht. Ich möchte anmerken, daß der N auf c6 eher
schlecht postiert ist.Ribli.} Bb4 (5... Nf6 6. e3 (6. Nh3 $5) 6... h6 7. Nh3 g5
8. f3 exf3 9. Qxf3 d6 10. Nf2 $13 Qe7 11. Qe2 $146 (11. Nd5 Nxd5 12. cxd5 Nb4
13. Bb5+ Kd8 $13 {Lautier,J-Nikolic,P/Horgen/1994/}) 11... Bg7 12. h4 $6 (12.
Bd2 $5 {Mit der Idee 13.0-0-0.Ribli.}) 12... Qf7 13. hxg5 hxg5 14. Rxh8+ Bxh8
15. Nh3 Qg6 (15... g4 $2 16. Nf4 $16) 16. Nd5 Nxd5 17. cxd5 Ne7 18. Qc4 c6 $8
19. dxc6 bxc6 20. Bd2 Be6 21. Qa4 Qh5 $15 {0-1 Kortschnoj,V-Nikolic,P/
Hoogovens 1997 (33)}) 6. Nh3 {[%cal Yh3f4] Die beste Fortsetzung für Weiß. Der
Springer zielt nach f4, wo er ein ideales Blockadefeld vorfindet.} Nf6 7. e3 (
7. Nf4 O-O 8. h4 d6 9. e3 Bxc3+ 10. bxc3 Ne7 11. Ba3 Ng6 12. g3 Nxf4 13. gxf4
b6 14. c5 Be6 15. Qa4 Rf7 16. cxd6 cxd6 17. c4 {1-0 Timman-Sax/Linares 1983 
(35)}) 7... Ne7 (7... O-O 8. Bd2 Kh8 (8... Bxc3 9. Bxc3 d5 10. b3 Ne7 11. Nf4
c6 12. h4 Qe8 13. Bb4 Qf7 14. Qc1 Rd8 15. h5 Ne8 16. Qa3 {1-0 Psakhis,L-Gamza,
M/Tel Aviv op 1990}) 9. Be2 a5 10. O-O Ne7 11. f3 d5 12. cxd5 Nexd5 13. Nxd5
Nxd5 14. Bxb4 axb4 15. Qd2 Be6 16. fxe4 fxe4 17. Rxf8+ Qxf8 18. Ng5 {Uhlmann,
W-Stefansson,H/Hartberg op 1991/1-0 (43)}) (7... Bxc3+ $5 8. bxc3 d6 9. Be2 O-O
10. O-O Qe7 11. f3 Bd7 12. fxe4 Nxe4 13. Qc2 Rf6 14. Nf2 Ng5 15. c5 dxc5 16. e4
Nxe4 17. Qb3+ Kh8 18. Nxe4 fxe4 19. Qxb7 Rxf1+ 20. Bxf1 Rb8 21. Qa6 cxd4 22.
cxd4 Qb4 23. Qc4 Qxc4 24. Bxc4 Nxd4 25. Bf4 Be6 26. Rd1 {1/2-1/2 Ubilava,
E-Kurajica,B/Las Palmas-B 1994 (41)}) (7... d6 8. Nf4 O-O 9. Bd2 Qe8 10. Be2 a5
11. Nb5 Bxd2+ 12. Qxd2 Qf7 13. Rc1 Nd8 14. Nd5 Ne8 15. f3 Be6 16. Nbc3 exf3 17.
Bxf3 Qd7 18. b3 Nf6 19. Nf4 Bf7 20. O-O Nc6 21. e4 {Stefansson,H-Sadler,M/
Altensteig 1992/1-0 (46)}) (7... Bxc3+ 8. bxc3 d6 9. Nf4 O-O 10. h4 Qe8 11. Ba3
{[%csl Ga3] Der weiße Doppelbauer bedeutet keine Schwächung, und der Ba3 hat
eine Zukunft auf der Diagonalen a3-f8.Ribli.}) 8. Bd2 Bxc3 9. Bxc3 d5 10. Nf4 {
[%csl Gf4]} c6 11. Be2 Ng6 $5 {Schwarz muß diesen gutpostierten Springer
tauschen.} 12. Nxg6 (12. b3 Nxf4 13. exf4 e3 $6 14. f3 $1 $16 {Ivanchuk,
V-Ljubojevic,L/Linares 1995.}) 12... hxg6 13. Qb3 Qc7 {[%cal Rc7h2,Rh8h2]} 14.
h3 Be6 $11 {Weiß hat das Läuferpaar, aber das ist kaum von Bedeutung, da wir
eine geschlossene Stellung auf dem Brett haben. Schwarz besitzt Raumvorteil
und eine sehr massive Bauernstruktur.Ribli.} 15. c5 (15. O-O-O $6 dxc4 16. Bxc4
Bxc4 17. Qxc4 Nd5 $15 {[%csl Rc3,Gd5]}) 15... g5 $36 16. O-O-O O-O 17. Kb1 Rf7
{Schwarz hat einen guten Doppelbauern auf g7-g5 und kann auf einen Durchbruch
am Königsflügel spielen. Weiß hat mehr Raum am Damenflügel, aber der Plan
b4-b5,a4 ist nicht allzu gefährlich.Ribli.} 18. Rdf1 f4 19. Ka1 Raf8 $15 {
Es ist schwer für Weiß, einen aktiven Plan zu finden, andererseits hat er eine
sehr feste Verteidigungsstellung.} 20. Qa4 a6 21. Ba5 Qd7 22. Rfg1 Nh7 23. Bd1
f3 $6 {In Wirklichkeit ist dieser Durchbruch nicht gefährlich für Weiß, weil
Schwarz auch seine Schwächen hat.Ribli.} (23... g4) (23... fxe3 24. fxe3 Rf2
25. Be1) 24. gxf3 exf3 25. Rg3 $13 {[%csl Rf3,Gg3,Rg5,Rh3] Weiß hat eine
Schwäche auf h3, aber dank seines Rg3 ist sein Randbauer gut zu verteidigen
und der schwarze Pg5 auf die Unterstützung des Nh7 angewiesen.Ribli.} Rf6 26.
Qb3 R8f7 27. Qb6 $1 {[%cal Yb6d8] Droht 28.Qd8, und der schwarzfeldrige Läufer
greift ins Geschehen ein.} Rf8 28. Qc7 Qf7 (28... Qxc7 29. Bxc7 {[%cal Yc7g3]})
29. b3 Bc8 30. Qxf7+ R6xf7 31. Rh2 $1 {Ein starker profilaktischer Zug. Weiß
verteidigt seinen Bauern auf f2.Ribli.} (31. Bc2 Bf5) 31... Be6 32. Kb2 Nf6 {
Schwarz opfert seinen schwachen Pg5 für Aktivität.} (32... g6 33. Bc2 Bf5 34.
Rxf3 Bxc2 35. Rxf7 Rxf7 36. Kxc2 {Und dank des 31.Zuges von Weiß hängt sein
Pf2 nicht.Ribli.}) 33. Rxg5 Ne4 $44 34. Rg1 $14 g5 $2 {Dieser Zug gefällt mir
nicht. Schwarz möchte seine Aktivität demonstrieren, aber es wäre besser,
ruhig zu bleiben. Der Pg5 wird sich später als Schwäche herausstellen.Ribli.} (
34... Kh7 $142) 35. Bc2 Rg7 36. Bxe4 dxe4 37. Rhh1 Kh7 38. Rg3 Kh6 39. Rhg1 {
[%csl Rg5][%cal Ya5c7,Yc7e5]} Kh5 $6 (39... Rc8 $5) 40. Bc7 $1 Kh4 (40... Rxc7
41. Rxg5+ Kh4 (41... Kh6 42. Rg6+ $18) 42. Rg6 $18) 41. Be5 $16 {[%csl Ge5]
Der zuvor schlechte Läufer dominiert nunmehr das Spiel.Ribli.} Rgg8 42. Rh1 Kh5
43. Ka3 Rf5 $6 {[%cal Ya3a5,Ya5b6] Der Rf5 steht etwas deplaziert und schränkt
den Be6 ein.} 44. Ka4 Rd8 45. Rhg1 Rg8 46. Rg4 Rf7 (46... Bd5 47. h4 Rg6 48.
Ka5 {[%cal Ya5b6]}) 47. Rxe4 Bf5 48. Reg4 {Weiß opfert die Qualität für den
zweiten Bauern. Die schwarzen Türme kommen nicht zu aktivem Spiel, wähend die
weißen Bauern eine ständige Gefahr bedeuten.Ribli.} Bxg4 49. Rxg4 {[#] Hecht
Weiß zentralisiert in der Folge seinen König und etabliert einen weit
vorgeschobenen Freibauern in der c-Linie. Mit einer "petit combinaison" wird
Schwarz gezwungen, von einem seiner Türme Abschied zu nehmen. Eine Medaille
für den taktischen Patzer.} Kg6 50. Rg3 Kh5 51. Kb4 {[%cal Yb4c4,Yc4d3]
Natürlich strebt der weiße König ins Zentrum.Ribli.} Rg6 52. Kc4 Rh6 53. Kd3
Kg6 54. Bf4 Rf5 55. Bc7 Rh7 56. e4 Rf8 (56... Rxc7 57. exf5+ Kxf5 58. Rxf3+ $18
) 57. Ba5 Rfh8 58. Bd2 $1 {[%csl Rg5]} (58. Rxf3 Rxh3 {Und Weiß muß die Türme
tauschen.}) 58... Rxh3 59. Rxg5+ Kf6 60. Rf5+ {[%csl Rf3]} Ke7 61. Bg5+ Ke8 62.
d5 {Weiß besitzt überzeugende Aktivität, seine Bauern sind stark.} cxd5 63.
exd5 R3h5 64. c6 $18 bxc6 65. dxc6 {[#]} Rg8 (65... R8h7 {Hecht} 66. Re5+ Kf7
67. Ke4 $18 (67. Re7+ Kg6 68. Rxh7 Rxh7 69. Bd8 Rh1 70. c7 Rc1 71. Ke4 Rc3 $13)
(67. c7 Rh8 68. Bd8 Rxe5 69. c8=Q Rd5+ 70. Ke4 Rhxd8 71. Qxa6 $16) 67... Kg6 (
67... Rh8 68. c7 Rc8 69. Bd8 $18) 68. Bd8 Rxe5+ 69. Kxe5 Rh1 70. c7 Rc1 71. Ke6
$18) 66. c7 Kd7 67. Rd5+ {Und Schwarz muß aufgeben.} (67. Rd5+ Kxc7 (67... Kc8
68. Rd8+ $18 (68. Rd8+ {Hecht} Kxc7 69. Rxg8 {[%cal Gg8g5]})) 68. Bf4+ {
mit Turmgewinn.} (68. Bf4+ {Hecht} Kc6 69. Rxh5)) 1-0

[Event "RUS-ch m1-2"]
[Site "Elista"]
[Date "1997.05.22"]
[Round "2.1"]
[White "Yakovich, Yuri"]
[Black "Kharlov, Andrei"]
[Result "1-0"]
[WhiteElo "2575"]
[BlackElo "2555"]
[Annotator "Huzman"]
[PlyCount "55"]
[EventDate "1997.05.19"]
[EventType "k.o."]
[EventRounds "6"]
[EventCountry "RUS"]
[SourceTitle "CBM 059"]
[Source "ChessBase"]
[SourceDate "1997.08.01"]
[SourceVersion "1"]
[SourceVersionDate "1997.08.01"]
[SourceQuality "1"]

1. d4 d5 2. c4 dxc4 3. e3 Nf6 4. Bxc4 e6 5. Nf3 c5 6. Qe2 Nc6 7. O-O cxd4 8.
exd4 Be7 (8... Nxd4 9. Nxd4 Qxd4 10. Rd1 (10. Bb5+ Bd7 11. Be3 Bxb5 12. Qxb5+
Qd7) 10... Qb6 (10... Qh4 11. Bb5+ Bd7 12. Bxd7+ Nxd7 13. Qb5 $16) 11. Nc3 $1 (
11. Bg5 Be7 12. Bb5+ Bd7 13. Bxd7+ Nxd7 14. Bxe7 Kxe7) 11... Be7 12. Be3 Qa5
13. Bb5+ Bd7 14. Bxd7+ (14. Rxd7 Nxd7 15. Rd1 Rd8 $13) 14... Nxd7 15. Qb5 $1 (
15. Qg4 $5 $44) 15... Qxb5 16. Nxb5 $14) 9. Rd1 O-O 10. Nc3 Na5 11. Bd3 b6 12.
Bg5 Bb7 13. Rac1 Rc8 14. Ne5 Nd5 (14... Nc6 15. Bb1 $14 {[%cal Ya2a3,Yb1a2]}
Nxd4 $140 (15... Nb4 16. a3 Nbd5 17. Ba2 Nxc3 18. Rxc3 {[%cal Yc3h3]} Rxc3 19.
bxc3 {[%cal Ge5f7]}) 16. Qe3 Bc5 17. Qh3 (17. b4 $5) 17... h6 18. Bxh6 gxh6 19.
Qxh6 $40 {[%cal Yd1d3,Yd3g3,Yg3h3]}) 15. Qh5 f5 (15... g6 $5 16. Nxg6 (16. Bxe7
Qxe7 17. Qh6 f6) 16... fxg6 17. Bxg6 hxg6 18. Qxg6+ Kh8 19. Rd3 Bxg5 20. Rh3+
Bh4 21. Qh6+ (21. Qh5+ Kg7 22. Rxh4 Nf6) 21... Kg8 22. Rxh4 (22. Qg6+ $11)
22... Kf7 23. Qh7+ Ke8 24. Qg6+ Kd7 25. Rh7+ Ne7 26. Re1 Rc6 27. d5 Rd6 (27...
Kc8 28. Rxe7 Qxe7 29. dxc6 Nxc6 30. Rxe6) 28. Rxe6 Kc8 $1) (15... h6 16. Bxh6
gxh6 17. Qxh6 Nf6 18. Ng4 $18) 16. Bd2 Nxc3 (16... Nf6 17. Qe2 Qxd4 18. Bg5 $44
) 17. bxc3 Qd5 18. Qh3 Bf6 (18... Qxa2 $5 19. Qg3 $5 (19. c4 Nb3 20. Bb1 Qb2
21. Bc3 Qe2 $17) 19... Rfd8 20. h4 $44) 19. c4 Qxd4 20. Bc3 Qh4 21. Qxh4 Bxh4
22. Bxa5 bxa5 23. c5 $44 Bg5 $2 (23... Bd5 $1 24. Rc2 (24. Bc4 Rxc5 25. Nd7
Rxc4 26. Rxc4 Bxc4 27. Nxf8 Bxa2 (27... Kxf8 28. Rd4 Bxa2 (28... Bxf2+ 29. Kxf2
Bxa2 30. Ra4 Bd5 31. Rxa5 $11) 29. Rxh4 Bb3) 28. Nd7 Bd5 $17) (24. Ba6 Rc7 25.
c6 Bxa2 26. Rd7 Bd8 $17) (24. a4 Bg5 25. Rb1 Rfd8 $17) 24... Rc7 $15) 24. c6 $1
Ba8 (24... Bxc1 25. cxb7 Rc7 26. Bc4 $16) 25. Rc5 Rfd8 $4 (25... Bf6 26. Bc4 (
26. Nd7 Be7 (26... Rf7 27. Bc4 $16) 27. Nxf8 Bxc5 28. Nxe6 Rxc6 29. Bxf5 $14)
26... Rfe8 27. Rd6 Bxe5 28. Rxe5 (28. Rxe6 Kh8) 28... Rxc6 29. Rexe6 Rxe6 30.
Bxe6+ Kf8 31. Rxc6 Bxc6 32. Bxf5 g6 {[%cal Gf8b4]} (32... h6 33. f3 Ke7 34. Kf2
Kd6 35. Ke3 Kc5 36. Be6 $16) 33. Bc2 Ke7 34. f4 Kd6 35. Kf2 Kc5 36. g4 Kd4 37.
h4 $16) 26. c7 Rd5 (26... Rd6 27. Rb1 Rb6 28. Rxb6 axb6 29. Ba6 $18) 27. Rxd5
Bxd5 28. Rb1 $1 $18 1-0

[Event "RUS-ch m1-2"]
[Site "Elista"]
[Date "1997.05.23"]
[Round "2.2"]
[White "Kharlov, Andrei"]
[Black "Yakovich, Yuri"]
[Result "1/2-1/2"]
[WhiteElo "2555"]
[BlackElo "2575"]
[PlyCount "99"]
[EventDate "1997.05.19"]
[EventType "k.o."]
[EventRounds "6"]
[EventCountry "RUS"]
[SourceTitle "CBM 059"]
[Source "ChessBase"]
[SourceDate "1997.08.01"]
[SourceVersion "1"]
[SourceVersionDate "1997.08.01"]
[SourceQuality "1"]

1. d4 d5 2. c4 dxc4 3. e4 e5 4. Nf3 exd4 5. Bxc4 Bb4+ 6. Nbd2 Nc6 7. O-O Nf6 8.
e5 Nd5 9. Nb3 Nb6 10. Bb5 Qd5 11. Nbxd4 O-O 12. Bxc6 bxc6 13. Qc2 c5 14. Ne2 c4
15. Nf4 Qc6 16. a3 Be7 17. Be3 Bb7 18. Nd4 Qe8 19. Rfe1 g6 20. Rad1 c5 21. Nde2
Qc6 22. Nc3 Rad8 23. f3 Rfe8 24. Bf2 Rxd1 25. Qxd1 Bf8 26. Ne4 Rxe5 27. Bh4 Rf5
28. Qd8 Rxf4 29. Nf6+ Rxf6 30. Bxf6 Nd5 31. Re8 Qxf6 32. Rxf8+ Kg7 33. Rg8+ Kh6
34. Qxf6 Nxf6 35. Rb8 Bc6 36. Rc8 Bb5 37. Ra8 c3 38. bxc3 Nd5 39. Rxa7 Nxc3 40.
Rxf7 c4 41. Rc7 Nb1 42. a4 Bxa4 43. Rxc4 Be8 44. h4 Bf7 45. Rc7 Kg7 46. Kf2 Na3
47. Ke3 Nc4+ 48. Kf4 Nb6 49. Rb7 Nd5+ 50. Kg3 1/2-1/2

[Event "RUS-Cup8"]
[Site "Smolensk"]
[Date "1997.??.??"]
[Round "1"]
[White "Egorov, Evgeni"]
[Black "Kharlov, Andrei"]
[Result "0-1"]
[WhiteElo "2375"]
[BlackElo "2555"]
[PlyCount "46"]
[EventDate "1997.06.13"]
[EventType "swiss"]
[EventRounds "9"]
[EventCountry "RUS"]
[SourceTitle "CBM 058 ext"]
[Source "ChessBase"]
[SourceDate "1997.07.29"]
[SourceVersion "1"]
[SourceVersionDate "1997.07.29"]
[SourceQuality "1"]

1. e4 c5 2. Nf3 Nc6 3. d4 cxd4 4. Nxd4 Nf6 5. Nc3 d6 6. Bc4 Qb6 7. Bb5 e5 8.
Nxc6 bxc6 9. Be3 Qc7 10. Ba4 Bd7 11. Bb3 Be7 12. h3 O-O 13. Qf3 Be6 14. O-O-O
a5 15. g4 a4 16. Bxa4 d5 17. Bxc6 Qxc6 18. exd5 Qb7 19. g5 e4 20. Qg2 Nxd5 21.
Qxe4 Rfd8 22. Rd3 Rab8 23. Nd1 Bf5 0-1

[Event "RUS-Cup8"]
[Site "Smolensk"]
[Date "1997.??.??"]
[Round "2"]
[White "Kharlov, Andrei"]
[Black "Voitsekhovsky, Stanislav"]
[Result "0-1"]
[WhiteElo "2555"]
[BlackElo "2475"]
[PlyCount "74"]
[EventDate "1997.06.13"]
[EventType "swiss"]
[EventRounds "9"]
[EventCountry "RUS"]
[SourceTitle "CBM 058 ext"]
[Source "ChessBase"]
[SourceDate "1997.07.29"]
[SourceVersion "1"]
[SourceVersionDate "1997.07.29"]
[SourceQuality "1"]

1. c4 e6 2. Nc3 d5 3. d4 Bb4 4. Nf3 Nf6 5. e3 O-O 6. Bd3 c5 7. O-O cxd4 8. exd4
dxc4 9. Bxc4 Nbd7 10. Qe2 Bxc3 11. bxc3 Qc7 12. Ba3 Re8 13. Rac1 b6 14. Bd3 Bb7
15. c4 e5 16. dxe5 Nxe5 17. Nxe5 Rxe5 18. Qd2 Rd8 19. Rfd1 Ng4 20. f3 Bxf3 21.
gxf3 Rxd3 22. Qf4 Rxa3 23. fxg4 h5 24. Rf1 Rxa2 25. gxh5 Rg5+ 26. Kh1 Qxf4 27.
Rxf4 Rxh5 28. h4 g5 29. Rg1 f6 30. Rg3 Kf7 31. Rxg5 Rxh4+ 32. Rxh4 fxg5 33.
Rh7+ Kf6 34. Rc7 Ke5 35. c5 b5 36. Rg7 Kd5 37. Rxg5+ Kc6 0-1